<?xml version="1.0" encoding="UTF-8"?><?xml-stylesheet type="text/xsl" href="static/style.xsl"?><OAI-PMH xmlns="http://www.openarchives.org/OAI/2.0/" xmlns:xsi="http://www.w3.org/2001/XMLSchema-instance" xsi:schemaLocation="http://www.openarchives.org/OAI/2.0/ http://www.openarchives.org/OAI/2.0/OAI-PMH.xsd"><responseDate>2026-06-02T21:51:42Z</responseDate><request verb="GetRecord" identifier="oai:riuma.uma.es:10630/33961" metadataPrefix="marc">https://riuma.uma.es/rest/oai/request</request><GetRecord><record><header><identifier>oai:riuma.uma.es:10630/33961</identifier><datestamp>2026-02-03T11:22:40Z</datestamp><setSpec>com_10630_2254</setSpec><setSpec>col_10630_37953</setSpec></header><metadata><record xmlns="http://www.loc.gov/MARC21/slim" xmlns:dcterms="http://purl.org/dc/terms/" xmlns:doc="http://www.lyncode.com/xoai" xmlns:xsi="http://www.w3.org/2001/XMLSchema-instance" xsi:schemaLocation="http://www.loc.gov/MARC21/slim http://www.loc.gov/standards/marcxml/schema/MARC21slim.xsd">
   <leader>00925njm 22002777a 4500</leader>
   <datafield ind2=" " ind1=" " tag="042">
      <subfield code="a">dc</subfield>
   </datafield>
   <datafield ind2=" " ind1=" " tag="720">
      <subfield code="a">Marcenaro-Gutiérrez, Óscar David</subfield>
      <subfield code="e">author</subfield>
   </datafield>
   <datafield ind2=" " ind1=" " tag="720">
      <subfield code="a">Prieto-Latorre, Claudia</subfield>
      <subfield code="e">author</subfield>
   </datafield>
   <datafield ind2=" " ind1=" " tag="720">
      <subfield code="a">Sánchez-Rodríguez, María Isabel</subfield>
      <subfield code="e">author</subfield>
   </datafield>
   <datafield ind2=" " ind1=" " tag="260">
      <subfield code="c">2023</subfield>
   </datafield>
   <datafield ind2=" " ind1=" " tag="520">
      <subfield code="a">We study the existence of a gender gap between two methods of grading student achievement in Spain, namely teachers’ assessment which measures cognitive outcomes and standardised test scores, which are consistent across Spanish schools. We use rich census information of Andalusian students attending secondary schools. Our results indicate that overall teachers’ assessment favours girls compared to the result of standardised test scores in reading and maths. On average, girls obtain 0.35 points more than boys in teacher’s assessment on a 1 to 10 scale (0.15 SD), conditional on both having the same competencies. Additionally, we have found that the gender gap is stable across different levels of students’ own ability and peers’ ability. These results are robust to a set of census social characteristics. The presence of grading disparities suggests that test scores could complement teachers’ assessment; specifically, they could be used to inform about the gender gap in assessments.</subfield>
   </datafield>
   <datafield ind1="8" ind2=" " tag="024">
      <subfield code="a">Marcenaro-Gutierrez, O. D., Prieto-Latorre, C., &amp; Sánchez Rodriguez, M. I. (2023). Gender differences between teachers’ assessments and test based assessments. Evidence from Spain. Assessment in Education: Principles, Policy &amp; Practice, 30(3-4), 320-345.</subfield>
   </datafield>
   <datafield ind1="8" ind2=" " tag="024">
      <subfield code="a">https://hdl.handle.net/10630/33961</subfield>
   </datafield>
   <datafield ind1="8" ind2=" " tag="024">
      <subfield code="a">10.1080/0969594X.2023.2251715</subfield>
   </datafield>
   <datafield tag="653" ind2=" " ind1=" ">
      <subfield code="a">Discriminación sexual en la enseñanza</subfield>
   </datafield>
   <datafield ind2="0" ind1="0" tag="245">
      <subfield code="a">Gender differences between teachers’ assessments and test based assessments. Evidence from Spain</subfield>
   </datafield>
</record>
</metadata></record></GetRecord></OAI-PMH>